[Rezension von: Anke Fröhlich, Landschaftsmalerei in Sachsen in der zweiten Hälfte des 18. Jahrhunderts]
Saved in:
| Published in: | Kunstform 4(2003), 3 |
|---|---|
| Main Author: | |
| Document Type: | Online Resource Article |
| Language: | German |
| Published: |
2003
|
| Subjects: | |
| Online Access: | kostenfrei |
| Related Items: | Enthalten in:
Kunstform Rezension von: Landschaftsmalerei in Sachsen in der zweiten Hälfte des 18. Jahrhunderts |
| Author Notes: | rezensiert von Sabine Weisheit-Possél |
| LEADER | 01805caa a2200349 c 4500 | ||
|---|---|---|---|
| 001 | 1920614532 | ||
| 003 | DE-627 | ||
| 005 | 20260418220414.0 | ||
| 007 | cr uuu---uuuuu | ||
| 008 | 250326s2003 xx |||||oo 00| ||ger c | ||
| 035 | |a (DE-627)1920614532 | ||
| 035 | |a (DE-599)KXP1920614532 | ||
| 035 | |a (OCoLC)1533745030 | ||
| 040 | |a DE-627 |b ger |c DE-627 |e rda | ||
| 041 | |a ger | ||
| 084 | |a KUNST |q DE-16 |2 fid | ||
| 100 | 1 | |a Weisheit-Possél, Sabine |d 1957- |e VerfasserIn |0 (DE-588)1123535450 |0 (DE-627)876762003 |0 (DE-576)48179283X |4 aut | |
| 245 | 1 | 0 | |a [Rezension von: Anke Fröhlich, Landschaftsmalerei in Sachsen in der zweiten Hälfte des 18. Jahrhunderts] |c rezensiert von Sabine Weisheit-Possél |
| 264 | 1 | |c 2003 | |
| 300 | |b Illustrationen | ||
| 336 | |a Text |b txt |2 rdacontent | ||
| 337 | |a Computermedien |b c |2 rdamedia | ||
| 338 | |a Online-Ressource |b cr |2 rdacarrier | ||
| 655 | 7 | |a Rezension |0 (DE-588)4049712-4 |0 (DE-627)106186019 |0 (DE-576)209083166 |2 gnd-content | |
| 773 | 0 | 8 | |i Enthalten in |t Kunstform |d München : Ludwig-Maximilians-Universität München, Institut für Kunstgeschichte, 2000 |g 4(2003), 3 |h Online-Ressource |w (DE-627)382929004 |w (DE-600)2140180-9 |w (DE-576)281244731 |x 1618-7199 |7 nnas |
| 773 | 1 | 8 | |g volume:4 |g year:2003 |g number:3 |
| 787 | 0 | 8 | |i Rezension von |a Fröhlich-Schauseil, Anke, 1968 - |t Landschaftsmalerei in Sachsen in der zweiten Hälfte des 18. Jahrhunderts |d Weimar : VDG, 2002 |h 459 S. |w (DE-627)348869282 |w (DE-576)099756188 |z 3897392615 |
| 856 | 4 | 0 | |u https://www.arthistoricum.net/kunstform/rezension/ausgabe/2003/3/2392 |x Verlag |z kostenfrei |3 Volltext |7 0 |
| 951 | |a AR | ||
| 994 | |u https://www.arthistoricum.net/themen/rezensionen/kunstform/rezension/ausgabe/2003/3/2392 | ||
| 991 | |a Rezension (Monographie, Zeitschrift, Aufsatz) | ||
| 999 | |a KXP-PPN1920614532 |e 495721834X | ||


